000 00601nam a2200193Ia 4500
999 _c29378
_d29378
003 GCL
005 20240530102037.0
008 140319s9999 xx 000 0 ara d
040 _aGCL /
_cGCL
082 0 4 _a398.2
_bث ع
100 1 _aثريا ابراهيم على
245 1 0 _aالعروس تزيينها وتجميلها فى التراث الشعبى /
_cثريا ابراهيم على
260 _a[S.N] :
_bمكتبة مدبولى
300 _a359 ص
650 0 4 _aالعادات والتقاليد
650 0 4 _aالزواج
650 0 4 _aالتراث الشعبى
942 _2ddc
_cBK